Wird geladen...

College libraries in malabarwith special reference to farook college library, calicut /

Bibliographische Detailangaben
1. Verfasser: Mammad M.
Format: Printed Book
Sprache:English
Veröffentlicht: University of Calicut : DLIS, 1996.
Schlagworte:
LEADER 00493nam a2200133Ia 4500
008 160114b xxu||||| |||| 00| 0 eng d
100 |a Mammad M. 
245 |a College libraries in malabarwith special reference to farook college library, calicut /  |c By Mammad M. 
260 |a University of Calicut :  |b DLIS,   |c 1996. 
300 |a 154 p. 
653 |a College library 
942 |c BK 
999 |c 144562  |d 144562 
952 |0 0  |1 0  |4 0  |7 0  |9 153927  |a LIS  |b LIS  |c ST1  |d 2006-09-12  |i T0028  |l 0  |p LIST0028  |r 2016-07-26  |w 2016-07-26  |y BK